Vai Tranquillo

-д хадгалсан:
Номзүйн дэлгэрэнгүй
Үндсэн зохиолч: Luca Goldoni
Формат: Ном
Хэл сонгох:Тодорхойгүй
Хэвлэсэн: Edizioni Cde
Шошгууд: Шошго нэмэх
Шошго байхгүй, Энэхүү баримтыг шошголох эхний хүн болох!

MARC

LEADER 00000nam a2200000Ia 4500
001 R-465
003 CODICE-MESSINA
005 20260212102452.0
008 260211s9999 xx 000 0 und d
040 |c importazione_messina 
100 |a Luca Goldoni 
245 0 |a Vai Tranquillo 
260 |b Edizioni Cde 
942 |2 ddc  |c BK 
952 |0 0  |1 0  |2 ddc  |4 0  |6 SCAFFALE_4_000000000000000__ROMANZI  |7 0  |9 31285  |a ME  |b ME  |d 2026-02-11  |l 0  |o SCAFFALE 4 - ROMANZI  |p R-465  |r 2026-02-11 23:52:27  |w 2026-02-11  |x [REVISIONARE]  |y BK 
999 |c 26949  |d 26949